Sombrero de ahogado / (Record no. 1846)
[ view plain ]
| 000 -LEADER | |
|---|---|
| campo de control de longitud fija | 01066nam a22002057a 4500 |
| 003 - IDENTIFICADOR DE NÚMERO DE CONTROL | |
| campo de control | OSt |
| 005 - FECHA Y HORA DE LA ÚLTIMA TRANSACCIÓN | |
| campo de control | 20240724225411.0 |
| 008 - DATOS DE LONGITUD FIJA--INFORMACIÓN GENERAL | |
| campo de control de longitud fija | 240724b |||||||| |||| 00| 0 eng d |
| 040 ## - FUENTE DE CATALOGACIÓN | |
| Centro catalogador/agencia de origen | CO-UdeC |
| Lengua de catalogación | esp |
| Centro/agencia transcriptor | CO-UdeC |
| Centro/agencia modificador | CO-UdeC |
| Normas de descripción | aarc |
| 082 04 - NÚMERO DE LA CLASIFICACIÓN DECIMAL DEWEY | |
| Número de clasificación | 861 |
| Número de ítem | J37 |
| 100 1# - ENTRADA PRINCIPAL--NOMBRE DE PERSONA | |
| Nombre de persona | Jaramillo Escobar, Jaime |
| 9 (RLIN) | 2640 |
| Fechas asociadas al nombre | 1932- |
| 245 10 - MENCIÓN DEL TÍTULO | |
| Título | Sombrero de ahogado / |
| Mención de responsabilidad, etc. | Jaime Jaramillo Escobar. |
| 260 3# - PUBLICACIÓN, DISTRIBUCIÓN, ETC. | |
| Lugar de publicación, distribución, etc. | Medellín : |
| Nombre del editor, distribuidor, etc. | Editorial Lealon, |
| Fecha de publicación, distribución, etc. | 1984. |
| 300 ## - DESCRIPCIÓN FÍSICA | |
| Extensión | 105 p. ; |
| Dimensiones | 22 cm. |
| 490 0# - MENCIÓN DE SERIE | |
| Mención de serie | Autores antioqueños ; |
| Designación de volumen o secuencia | 7 |
| 505 00 - NOTA DE CONTENIDO CON FORMATO | |
| Nota de contenido con formato | Perorata -- Sarta del Río Cauca -- La casa de Bob -- La muerte del novio -- El solitario de Cayo Bolívar -- Inscripción -- Convocando el olvido -- Palabras mayores -- Mi vida con el chamán -- Las hijas del muerto -- San Lorenzo -- Ciro en Medellín -- Porfirio Barba-Jacob -- Jotamario en Cali -- Licantropía -- El mundo de las maravillas -- Ñapa -- Atraco -- Anuncio de un sueño -- Epílogo -- Jaime Jaramillo Escobar por Darío Jaramillo A. |
| 650 04 - PUNTO DE ACCESO ADICIONAL DE MATERIA--TÉRMINO DE MATERIA | |
| Término de materia o nombre geográfico como elemento de entrada | Poesía antioqueña |
| 9 (RLIN) | 1815 |
| 650 04 - PUNTO DE ACCESO ADICIONAL DE MATERIA--TÉRMINO DE MATERIA | |
| Término de materia o nombre geográfico como elemento de entrada | Poesía |
| Subdivisión geográfica | Colombia |
| 9 (RLIN) | 268 |
| 942 ## - ELEMENTOS DE ENTRADA SECUNDARIOS (KOHA) | |
| Fuente del sistema de clasificación o colocación | Clasificación Decimal Dewey |
| Tipo de ítem Koha | Libros |
| Parte de la signatura que corresponde a la clasificación (Parte de la clasificación) | 861 J37 |
| Suprimir en OPAC | No |
| Estatus retirado | Estado de pérdida | Fuente del sistema de clasificación o colocación | Estado de daño | No para préstamo | Colección | Biblioteca de origen | Biblioteca actual | Fecha de adquisición | Total de préstamos | Signatura topográfica completa | Código de barras | Visto por última vez | Copia número | Precio de reemplazo | Tipo de ítem Koha |
|---|---|---|---|---|---|---|---|---|---|---|---|---|---|---|---|
| Clasificación Decimal Dewey | Colección general | U DE COLOMBIA - Biblioteca | U DE COLOMBIA - Biblioteca | 24/07/2024 | 861 J37 | 001256 | 24/07/2024 | 1 | 24/07/2024 | Libros |
